Discurso leído en la Universidad Literaria de Salamanca (Record no. 163793)

MARC details
000 -LEADER
campo de control de longitud fija 00782nam a22001815i 4500
001 - NÚMERO DE CONTROL
campo de control 163793
003 - IDENTIFICADOR DE NÚMERO DE CONTROL
campo de control ES-MaACL
005 - FECHA Y HORA DE LA ÚLTIMA TRANSACCIÓN
campo de control 20250814063248.0
008 - DATOS DE LONGITUD FIJA--INFORMACIÓN GENERAL
campo de control de longitud fija 991102s1896 sp |||| | spa d
040 ## - FUENTE DE CATALOGACIÓN
Centro catalogador/agencia de origen CCPB | B
Lengua de catalogación spa
Centro/agencia transcriptor CCPB | B
100 1# - ENTRADA PRINCIPAL--NOMBRE DE PERSONA
Nombre de persona Rodríguez Miguel, Luis,
Fechas asociadas al nombre 1844-1916
9 (RLIN) 156327
245 10 - MENCIÓN DEL TÍTULO
Título Discurso leído en la Universidad Literaria de Salamanca
Resto del título : para la solemne apertura del curso académico de 1896 a 1897 /
Mención de responsabilidad, etc. por Luis Rodríguez Miguel.
260 ## - PUBLICACIÓN, DISTRIBUCIÓN, ETC.
Lugar de publicación, distribución, etc. Salamanca :
Nombre del editor, distribuidor, etc. [s.n.],
Fecha de publicación, distribución, etc. 1896 (
Fabricante imprenta de Francisco Núñez Izquierdo)
300 ## - DESCRIPCIÓN FÍSICA
Extensión 72 p. ;
Dimensiones 30 cm.
710 0# - ENTRADA AGREGADA--NOMBRE DE ENTIDAD CORPORATIVA
Nombre de entidad corporativa o nombre de jurisdicción como elemento de entrada Universidad Literaria de Salamanca.
9 (RLIN) 7390
852 ## - LOCALIZACIÓN
Ubicación ES-MaACL
Número de control de estantería T-775-F-7
Nota libre -- Enc. hol., conservando la cub. original
-- -- Enc. en un vol. facticio
Holdings
Estatus retirado Estado de pérdida Estado de daño No para préstamo Colección Biblioteca de origen Biblioteca actual Ubicación en estantería Fecha de adquisición Total de préstamos Signatura topográfica completa Código de barras Visto por última vez Precio de reemplazo Tipo de ítem Koha
        Colección de folletos Biblioteca del Ateneo de Madrid Biblioteca del Ateneo de Madrid Depósito folletos 17/01/2008   T-775-F-7 1171653 23/02/2023 23/02/2023 Folleto